• 首页
  • 本馆介绍
  • 公告通知
  • 最新文献
  • 馆藏检索
  • 电子资源
  • 读者导购
  • 参考咨询
  • 我的图书馆
  • 登录
  • 详细信息显示
  • 放入我的书架
  • 预约/预借图书
  • 作者相关作品
  • 分类相关作品
  • 丛书相关作品
  • 出版社相关作品

书目信息

  • 表格格式
  • 工作单格式
  • 卡片格式
题名:
景观美学
    
 
作者: 刘晓光 著
分册:  
出版信息: 北京   中国林业出版社  2012.09
页数: 244页
开本: 24cm
丛书名:
单 册:
中图分类: TU-80
科图分类:
主题词: 建筑美学--jian zhu mei xue--景观美学
电子资源:
ISBN: 978-7-5038-6173-4
000 01136nam0 2200241 450
001 0109110232
005 20201109144540.09
010    @a978-7-5038-6173-4@dCNY39.80
100    @a20130104e20192012em y0chiy50 ea
101 0  @achi
102    @aCN@b110000
105    @aa z 000yy
106    @ar
200 1  @a景观美学@Ajing guan mei xue@dAesthetics of landscape architecture@f刘晓光著@zeng
210    @a北京@c中国林业出版社@d2012.09@h2019.04
215    @a244页@c图@d24cm
330    @a本书分为上下两篇,即唯真篇与唯美篇。上篇,唯真篇——景观认知。主要论述认知活动的内在机制,以景观意义传达理论与方法为主要内容,重点阐述表征类型、意义生成机制、意义传达机制、意义表征机制、意义题材、创作程序、创作方法。下篇,唯美篇——景观审美。主要论述审美活动的内在机制,以景观审美表现理论方法为主要内容。重点阐述三个层次的审美结构及形式美、意境美、意蕴美的生成机制;创作的基本原则、创作程序与方法。
510 1  @aAesthetics of landscape architecture@zeng
606 0  @a建筑美学@Ajian zhu mei xue@x景观美学
690    @aTU-80@v5
701  0 @a刘晓光@Aliu xiao guang@f(1969-)@4著
801  0 @aCN@bBJSZM@c20201103
905    @b1241407-10@dTU-80@e228@f4
    
    景观美学=Aesthetics of landscape architecture/刘晓光著.-北京:中国林业出版社,2012.09(2019.04)
    244页:图;24cm
    
    
    ISBN 978-7-5038-6173-4:CNY39.80
    本书分为上下两篇,即唯真篇与唯美篇。上篇,唯真篇——景观认知。主要论述认知活动的内在机制,以景观意义传达理论与方法为主要内容,重点阐述表征类型、意义生成机制、意义传达机制、意义表征机制、意义题材、创作程序、创作方法。下篇,唯美篇——景观审美。主要论述审美活动的内在机制,以景观审美表现理论方法为主要内容。重点阐述三个层次的审美结构及形式美、意境美、意蕴美的生成机制;创作的基本原则、创作程序与方法。
●
相关链接 在E读中查询图书 在五车中查询图书 在当当中查询图书 在豆瓣中查询图书


正题名:景观美学     索取号:TU-80/228         预约/预借

序号 登录号 条形码 馆藏地/架位号 状态 备注
1 1241407   212414074   第二样本阅览室/ [索取号:TU-80/228] 在馆    
2 1241408   212414083   第三借阅区/ [索取号:TU-80/228] 在馆    
3 1241409   212414092   第三借阅区/ [索取号:TU-80/228] 在馆    
4 1241410   212414109   第三借阅区/ [索取号:TU-80/228] 在馆    
唐山师范学院图书馆 欢迎您!
大连网信软件有限公司© 版权所有